Normal view
MARC view
- Rodríguez Chicharro, César
Entry Nombre Personal
001 - NUMERO DE CONTROL
- campo de control: 45987
003 - IDENTIFICADOR DE NUMERO DE CONTROL
- campo de control: DLC
005 - FECHA Y HORA DE LA ÜLTIMA TRANSACCIÓN
- campo de control: 20220831121559.0
008 - DATOS DE LONGITUD FIJA
- campo de control de longitud fija: 850402n| acannaabn |a aaa d
010 ## - NÚMERO DE CONTROL DE LA BIBLIOTECA DEL CONGRESO
- Número de control LC: n 85097424
035 ## - NUMERO DE CONTROL
- Número de control: (OCoLC)oca01353921
040 ## - FUENTE DE CATALOGACIÓN
- Agencia original de catalogación: DLC
- Lenguaje de catalogación: spa
- Agencia de transcripción: DLC
- Agencia que lo modifica: DLC
- Agencia que lo modifica: OCoLC
- Agencia que lo modifica: MX-MxUPN
100 1# - ENCABEZAMIENTO - NOMBRE PERSONAL
- Nombre personal: Rodríguez Chicharro, César
670 ## - FUENTE EN LA QUE SE LOCALIZARON DATOS
- Cita de la fuente: Estudios de literatura mexicana, 1983:
- Información localizada: portada (César Rodríguez Chicharro)
670 ## - FUENTE EN LA QUE SE LOCALIZARON DATOS
- Cita de la fuente: LC data base, 3/21/85
- Información localizada: (hdg.: Rodríguez Chicharro, César)
670 ## - FUENTE EN LA QUE SE LOCALIZARON DATOS
- Cita de la fuente: La novela indigenista mexicana, 1988:
- Información localizada: portada (César Rodríguez Chicharro) p. 4 of cover (b. 1930-d. 1984; b. in Spain; reared in Mexico from age 10)
902 ## - CATALOGADOR
- Catalogador: VRC/310822
